000 00414cam a22001814a 4500
005 20250605163445.0
008 250528s ||||||||||||||||||||||||d
035 _a19617
020 _a9602261544
040 _aGR-AtMCL
_bgre
_dGR-AtMCL
_eAACR2
245 1 _aMODERN ENGLISH GRAMMAR 2
250 _aRevised
260 _bGrivas,
_c1992
300 _a103
942 _cBK
999 _c4873
_d4873